The All India Reporter 1963 (VOL-50) STATUTE AND ARTICLES Section (Record no. 6449)

MARC details
000 -LEADER
fixed length control field 00427nam a22001577a 4500
005 - DATE AND TIME OF LATEST TRANSACTION
control field 20200523141707.0
008 - FIXED-LENGTH DATA ELEMENTS--GENERAL INFORMATION
fixed length control field 200523b xxu||||| |||| 00| 0 eng d
041 ## - LANGUAGE CODE
Language code of text/sound track or separate title eng
082 ## - DEWEY DECIMAL CLASSIFICATION NUMBER
Classification number 340
110 ## - MAIN ENTRY--CORPORATE NAME
Corporate name or jurisdiction name as entry element The All India Reporter Ltd.
245 ## - TITLE STATEMENT
Title The All India Reporter 1963 (VOL-50) STATUTE AND ARTICLES Section
260 ## - PUBLICATION, DISTRIBUTION, ETC. (IMPRINT)
Place of publication BOMBAY
Name of publisher The All India Reporter Ltd.
300 ## - PHYSICAL DESCRIPTION
Number of Pages 112p.
650 ## - SUBJECT ADDED ENTRY--TOPICAL TERM
Topical Term LAW
942 ## - ADDED ENTRY ELEMENTS (KOHA)
Koha item type Journals/Serial

No items available.